000 00815nam a2200229 a 4500
001 56330
003 BD-RjUL
005 20211209080401.0
008 161128s1958 bg ||||| |||| 00| 0 ben d
035 _a(BD-RjUL)56454
040 _aBD-RjUL
_bben
_cBD-RjUL
_dBD-RjUL
041 _aben
082 _223
_a891.441
_bALT 1958
100 1 _aআলাউল
_9146439
245 1 0 _aতোহ্‌ফা /
_cআলাউল, সম্পাদক আহমদ শরীফ
260 _aঢাকা :
_bঢাকা বিশ্ববিদ্যালয়,
_c১৯৫৮
300 _a১৯৬ পৃ ;
_c২৩ সেমি.
650 _aবাংলা কবিতা
_9146440
650 _aBengali Poetry
_9146441
700 _aশরীফ, আহমদ
_9148999
_qসম্পাদক
942 _2ddc
_cBK
999 _c56330
_d56330